Quizzes
Events
Quiz Creation
Community
Videos
Private Events
Remove Ads
Sign In
Join for FREE
Feedback
Dark Mode
Quiz Categories
Sports
Geography
Music
Movies
Television
Just For Fun
Miscellaneous
History
Literature
Language
Science
Gaming
Entertainment
Religion
Holiday
For Kids
Quiz Lab
Recent
Popular Today
Quiz Kudos Today
Editor Picks
Curator Picks
Quizzes by...
Day
Popularity
Type
Ratings
Length
Year
Community
Subscriptions
Recent Discussions
Orange Saloon
Badges
Playlists
Quests
Create
Leaderboards
Showdown
Live 5
Trivia Bingo
Activity
Puzzle Library
Sporcle Events
Private Events
Virtual Trivia
Globe League
Become a Host
Pub Owners
SporcleCon
Opinionation
Our Games
Videos
Blog
Mobile Apps
Partnerships
Remove Ads and Go Orange
Feedback
Sports
Athletes
MLB
NBA
NHL
NFL
Soccer
Sports Teams
WWE
NCAA
Football
Premier League
Basketball
Baseball
Hockey
Golf
Tennis
Cricket
Rugby
Auto Racing
Olympics
World Cup
Sports
Athletes
MLB
NBA
NHL
NFL
Soccer
Sports Teams
WWE
NCAA
Football
Premier League
Basketball
Baseball
Hockey
Golf
Tennis
Cricket
Rugby
Auto Racing
Olympics
World Cup
Random Quiz
Search Sporcle
×
Quiz Lab
Quiz Lab
Sports
Baseball
Type in answers that appear in a list
Type in answers that appear in a list
Classic
Best Score? Go Orange.
MLB Teams by Winning Percentage (1980s) Stats
Can you name the MLB Teams by Winning Percentage (1980s)?
By
aaronwhitehead
5m
26 Questions
240 Plays
240 Plays
240 Plays
Comments
Comments
Give Quiz Kudos
Give Quiz Kudos
-
- Ratings
hide this ad
More Info
Forced Order
Answers have to be entered in order
Answers have to be entered in order
Replay
Link that replays current quiz
Next Quiz
Link to next quiz in quiz playlist
You Got
0%
They Got
Avg Score
67%
Avg Friend Score
Upgrade to see
Score Distribution
Jump to the score distribution portion of the page
Score
0/26
Timer
05:00
0
Plays Today
League
Team
% Correct
AL
New York Yankees
97.1%
AL
Detroit Tigers
79.2%
AL
Kansas City Royals
78.8%
AL
Boston Red Sox
77.1%
NL
St. Louis Cardinals
74.6%
AL
Toronto Blue Jays
72.9%
NL
Los Angeles Dodgers
72.9%
NL
New York Mets
71.7%
AL
Milwaukee Brewers
67.5%
AL
Oakland Athletics
66.7%
AL
Baltimore Orioles
66.7%
AL
California Angels
65%
AL
Seattle Mariners
64.6%
League
Team
% Correct
AL
Chicago White Sox
64.2%
AL
Minnesota Twins
63.3%
NL
Houston Astros
62.9%
NL
Cincinnati Reds
62.5%
AL
Cleveland Indians
62.1%
NL
Philadelphia Phillies
61.3%
AL
Texas Rangers
60.8%
NL
San Francisco Giants
60.8%
NL
Atlanta Braves
60.8%
NL
Chicago Cubs
60%
NL
Montreal Expos
59.6%
NL
San Diego Padres
58.8%
NL
Pittsburgh Pirates
56.3%
Quiz Playlist
Details
Report
Send in Message
Add To Playlist
More Info:
Name the MLB teams, best to worst, in order of winning percentage from 1980 through 1989, inclusive.
Classic:
Type in answers that appear in a list
Forced Order:
Answers have to be entered in order
Quiz Source
Last Updated: Feb 16, 2017
Quiz Scoreboard
CHALLENGE
Sign Up to Join the Scoreboard
Show All
Scores
Hide
Comments
May contain spoilers
Recently Published
Billboard Blitz: Fleetwood Mac
by CooCooCachoo
Music
15s
Presidents Visiting Landmarks
by Hejman
History
7m
An Introduction to Baseball
by treessimontrees
Sports
5m
More to Explore
Quiz From the Vault
Featured Blog Post
Where Did the Easter Bunny Come From?
hide this ad
You Might Also Like...
Tags
Baseball Quiz
MLB Quiz
1980
League
Percentage
team
Win
Winning
Winning Percentage
Today's Top Quizzes in Sports
Browse Sports
hide this ad
Today's Top Quizzes in Baseball
Browse Baseball
Top Contributed Quizzes in Sports
1
Les meilleurs buteurs des matchs entre le PSG et l’OM
2
2022 World Cup Stars
3
FIFA Club World Cup Champions
4
Les entraîneurs de l'OM et du PSG au 21e siècle
5
Name the Premier League winners with different clubs
6
5-to-1: UK Sports Teams
7
La finale Lions - Afrique du Sud 2021
8
Criteria MLB: Left Handed Sluggers
9
AFC Teams Reveal (Wrong Answers Minefield)
10
England Test cricketers to play under Nasser Hussain
Explore More
Trending Topics
Marvel
Disney
Crossword
Kpop
Anime
Harry Potter
NBA
The Office
NFL
Pokémon
WWE
Soccer
Song
Country
Puzzle
hide this ad
More By:
aaronwhitehead
Quiz
Plays
Rating
Category
Featured
Created
Atlanta Braves 25+ HRs Single Season
23,862
4.70
Sports
Apr 14, 2010
Yankees All-Time Franchise Leaders
7,379
4.59
Sports
Jul 4, 2011
MLB - Best Yankee by WAR
5,822
4.28
Sports
Feb 21, 2011
Every 25+ HR Season in Yankee History
4,716
4.31
Sports
Jun 9, 2010
Name the MLB Hall of Famers by Team
3,554
4.42
Sports
Nov 15, 2010
Go to Creator's Profile
Score Distribution
Quiz Creator Spotlight
aaronwhitehead
Follow
Send a Message
Quizzes Created
-
Created Quiz Play Count
-
More By This Creator
Popular Quizzes Today
1
Find the US States - No Outlines Minefield
2
Find the Countries of Europe - No Outlines Minefield
3
The Countries of the World
4
Find the US States
5
US States
6
Popular People in 1961
7
Risky Map Clicking: Biggest States A-Z
8
Movies - When Are They Set?
More Sports Quizzes
Vainqueur de C1 avec Liverpool
Quiz Lab
Trending Quizzes
Risky Map Clicking: Least Populous States A-Z
1-10 Letter G Words
1-10 Letter F Words
Risky Map Clicking: Next State Alphabetically
Risky Map Clicking: Biggest States A-Z
Recently Updated
Leaping Animals
pecheneg
Reality TV Shows (A-Z)
bhenderson79
Rickey Henderson's Hall of Fame Teammates
pecheneg
Champions League XIs: Arsenal
pecheneg
Quick Pick: Celebrities in WWE's Hall of Fame
aduchscher
A-Z Keypad Blitz II
pecheneg
Multiple Oscar Actors
pecheneg
Mystery Phrase Blitz: Oscar 'Best Actors'
pecheneg
F. Scott Fitzgerald Novels
LTH
Pick 3 Villains
ddd62291
Trending Topics
Anime
Disney
Harry Potter
Crossword
Kpop
Marvel
NBA
The Office
Country
Puzzle
WWE
NFL
Pokémon
Song
Soccer
Your Account Isn't Verified!
In order to create a playlist on Sporcle, you need to verify the email address you used during registration. Go to your
Sporcle Settings
to finish the process.
Report this User
Report this user for behavior that violates our
Community Guidelines
.
Details:
Send Report
Go to the Sporcle.com Mobile Site →
Comments